HONORIFIC NAMES IN PHILIPPINE SHOWBUSINESS - Statistics

General Stats
  • This quiz has been taken 4,041 times
    4,029 since last reset
  • The average score is 13 of 22
Answer Stats
Hint Answer % Correct
COMEDY KING Dolphy Quizon
97%
The Megastar Sharon Cuneta
83%
Divine Diva Zsa Zsa Padilla
82%
Mr. Pure Energy Gary Valenciano
81%
Queen of Talk Kris Aquino
73%
Asia's Nightingale Lani Misalucha
71%
King of Pinoy Rap Francis Magalona
70%
Bad Boy Of Philippine Cinema Robin Padilla
69%
Star for All Seasons Vilma Santos
69%
Concert King Martin Nievera
67%
Asia's Queen of Soul Jaya Ramsey
65%
International Broadway Superstar Leah Salonga
65%
Diamond Star Maricel Soriano
65%
Concert Queen Pops Fernandez
64%
The R&B and Soul Princess Kyla
59%
The Song-Writer Ogie Alcasid
58%
Soul Siren Nina
49%
Pinoy Jukebox Queen Imelda Papin
34%
Queen of Rock n Roll Elizabeth Ramsey
33%
King of Soul Janno Gibbs
33%
Asia's Queen of Songs Pilita Corrales
28%
Jukebox King April Boy Regino
23%
No matching quizzes found
Score Distribution
Percent of People with Each Score
Percentile by Number Answered
Your Score History
You have not taken this quiz since the last reset